| 000 | 00437cam a2200157ua 4500 | ||
|---|---|---|---|
| 041 |
_aeng _h |
||
| 082 |
_a335 _bCOL/HI |
||
| 100 | _aCole, G D H . | ||
| 245 |
_aHistory of Socialist thought, Vol 2 Part-1:second international 1889-1914 / _cG D H Cole. _hTextual Documents |
||
| 260 |
_aNew York : _bMcMillon & Co Ltd , _c1961. |
||
| 300 | _a939 ; . | ||
| 362 | 0 | _aVol 4- | |
| 942 | _cBK | ||
| 999 |
_c4670 _d4670 |
||